| 000 | 00408nam a2200157 a 4500 | ||
|---|---|---|---|
| 001 | 000025051 | ||
| 005 | 20200930023531.0 | ||
| 008 | 110209s1957 sp r 000 0 spa d | ||
| 040 |
_aDO-SdBNP _bspa _cBNPHU |
||
| 082 |
_axxxxx _bR969 |
||
| 100 | 1 |
_aRusso, Nery, _d1918- _924783 |
|
| 245 | 1 | 0 |
_aZory : _bnovela / _cNery Russo. |
| 260 |
_aMadrid : _bÁgora, _c1957. |
||
| 300 |
_a283 p. ; _c19 cm. |
||
| 049 | _aBNGR | ||
| 999 |
_c24544 _d24544 |
||